1850 1465 1042 1414 1641 1111 1822 1210 1457 1607 1566 1633 1513 1210 1434 1569 1905 1805 1388 1500 1411 1124 1472 1380 1767 1044 1989 1629 1473 1055 1700 1191 1658 1552 1214 1074 1663 1859 1535 1064 1224 1635 1787 1715 1101 1166 1394 1407 1353 1098 1011 1194 1372 1811 1291 1209 1984 1728 1107 1029 1212 1011 1553 1659 1379 1475 1930 1066 1721 1209 1752 1527 1262 1505 1698 1579 1730 1516 1009 1189 1932 1780 1332 1163 1722 1065 1792 1208 1848 1423 1247 1455 1594 1259 1146 1993 1112 1939 1617 BCNSPRNW ULIB Ver.6.0+V

เปลี่ยนเป็นภาษาไทย

Change to English
 แสดงรายละเอียดบรรณานุกรม
  กลับหน้าหลัก

Brief Record : Get Marc (ISO 2709) : E-mail record : QR code < ปิดหน้าต่าง
LEADER : 00000nam 2200000uu 4500
001    13399120872
003     ULIB
008    121022s2552||||th 000 0 tha d
020    ^a9786167207001
082 04 ^aDS568^bร373ต 2552
100 0  ^aรัตนวุฒิ เนจริญรัมย์
245 10 ^aตลาดน้ำ (มหาชล) มนต์เสน่ห์ตลาดโบราณ /^cรัตนวุฒิ เนจริญรัมย์
250    ^aพิมพ์ครั้งที่ 2
260    ^aกรุงเทพฯ :^bG life,^c2552
300    ^a251 หน้า :^bภาพประกอบ, แผนที่
651  7 ^aตลาดน้ำ^xภูมิประเทศและการท่องเที่ยว
651  7 ^aตลาดน้ำ^xหนังสือนำเที่ยว
945    ^p245^l0^i16684
995    ^aกัณชพร
999 ^a ใช้งานได้ทุกระบบ
รายการนี้ยังไม่มีแท็ก
คุณยังไม่ได้ล็อกอิน คุณสามารถมีกิจกรรมร่วมกับเว็บไซต์ได้ แต่ต้องล็อกอินก่อน ::
  ล็อกอิน

รายการสื่อสารสนเทศ

ลำดับที่ ประเภท เลขเรียก/บาร์โค้ด สถานที่ สถานะ
1. วิทยาศาสตร์การแพทย์ และสุขภาพ
วิทยาศาสตร์การแพทย์ และสุขภาพ
DS568 ร373ต 2552  
  Barcode: 16684
ห้องสมุดวิทยาเขตสวรรค์ประชารักษ์
►หนังสือทั่วไป
บนชั้น

รายการใกล้เคียง
    ผู้แต่ง [รัตนวุฒิ เนจริญรัมย์]

BibComment


ยังไม่เคยถูกคอมเมนท์

คอมเมนท์ทรัพยากรรายการนี้
  คอมเมนท์: ตลาดน้ำ มหาชล มน..


 Copyright 2026. Bcnsprnw @Library